00769cam a22002531a 45000010008000000030004000080050017000120080041000290100017000700150014000870350019001010400031001200420012001510500014001630820015001771000021001922450060002132600042002733000029003156100055003446500040003997000018004397400058004576073577OSt20250130160858.0810922s1958 enka 000 0 eng  a 58035888  aGB58-7390 a(OCoLC)7782886 aDLCcCLamBdCLamBdUkdDLC apremarc00aHQ10b.W3 a259.1bWRI aWright Norman H.10aMarriage counselling :cby J.H. Wallis and H.S. Booker. aLondon :bRoutledge & K. Paul,c1958. a313 p. :bill. ;c23 cm.20aNational Marriage Guidance Council (Great Britain) 0aMarriage counselingzGreat Britain.1 aBooker, H. S.0 aMarriage counselling : a description and analysis ...